000 00602nam a2200217Ia 4500
003 OSt
005 20220924114611.0
006 a|||||r|||| 00| 0
007 ta
008 220923b |||||||| |||| 00| 0 san d
024 _a253332
037 _cTextual
040 _aARTS
_cARTS
_bsan
041 _2san
_asan
082 _aa12-315, 15K5
245 0 _aDescriptive catalogue of sanskrit manuscripts of Orissa
260 _aBhubaneswar
_bThe Department of Cultural Affairs India
_c1965
300 _a145p.
_ccm.
942 _ha12-315, 15K5
_cTEXL
_2CC
999 _c394404
_d394404